The centuries' poetry : (Record no. 20476)
[ view plain ]
| 000 -LEADER | |
|---|---|
| fixed length control field | 00956nam a2200265I 4500 |
| 001 - CONTROL NUMBER | |
| control field | centuriespoetrya03robe |
| 003 - CONTROL NUMBER IDENTIFIER | |
| control field | CaSfIA |
| 005 - DATE AND TIME OF LATEST TRANSACTION | |
| control field | 20230525154946.0 |
| 007 - PHYSICAL DESCRIPTION FIXED FIELD--GENERAL INFORMATION | |
| fixed length control field | cr|||| |
| 008 - FIXED-LENGTH DATA ELEMENTS--GENERAL INFORMATION | |
| fixed length control field | 760421s1950 xx 000 0 eng d |
| 040 ## - CATALOGING SOURCE | |
| Original cataloging agency | DLM |
| Transcribing agency | DLM |
| Modifying agency | UBA |
| -- | CaSfIA |
| 035 ## - SYSTEM CONTROL NUMBER | |
| System control number | (OCoLC)2128105 |
| 050 #4 - LIBRARY OF CONGRESS CALL NUMBER | |
| Classification number | PR1175 |
| Item number | .R56 1950z |
| 029 1# - OTHER SYSTEM CONTROL NUMBER (OCLC) | |
| OCLC library identifier | AU@ |
| System control number | 000020896369 |
| 100 1# - MAIN ENTRY--PERSONAL NAME | |
| Personal name | Roberts, Denys Kilham, |
| Relator term | comp. |
| 245 14 - TITLE STATEMENT | |
| Title | The centuries' poetry : |
| Medium | [electronic resource] |
| Remainder of title | an anthology. |
| 260 ## - PUBLICATION, DISTRIBUTION, ETC. | |
| Place of publication, distribution, etc. | Harmondsworth : |
| Name of publisher, distributor, etc. | Penguin Books, |
| Date of publication, distribution, etc. | [195-] |
| 300 ## - PHYSICAL DESCRIPTION | |
| Extent | v. ; |
| Dimensions | 18 cm. |
| 490 0# - SERIES STATEMENT | |
| Series statement | The Penguin poets, no. D7 |
| 505 0# - FORMATTED CONTENTS NOTE | |
| Formatted contents note | v. 2. Donne to Dryden. |
| 650 #0 - SUBJECT ADDED ENTRY--TOPICAL TERM | |
| Topical term or geographic name entry element | English poetry. |
| 650 #7 - SUBJECT ADDED ENTRY--TOPICAL TERM | |
| Topical term or geographic name entry element | Literatura Inglesa |
| Source of heading or term | larpcal |
| 856 41 - ELECTRONIC LOCATION AND ACCESS | |
| Uniform Resource Identifier | <a href="http://www.archive.org/details/centuriespoetrya03robe">http://www.archive.org/details/centuriespoetrya03robe</a> |
| Public note | Free eBook from the Internet Archive |
| Materials specified | Volume 3 |
| 856 42 - ELECTRONIC LOCATION AND ACCESS | |
| Uniform Resource Identifier | <a href="http://www.openlibrary.org/books/OL24610951M">http://www.openlibrary.org/books/OL24610951M</a> |
| Public note | Additional information and access via Open Library |
| Materials specified | Volume 3 |
| Withdrawn status | Lost status | Damaged status | Not for loan | Collection | Home library | Current library | Date acquired | Total Checkouts | Date last seen | Price effective from | Koha item type |
|---|---|---|---|---|---|---|---|---|---|---|---|
| Project Gutenberg | Main Library | Main Library | 05/25/2023 | 05/25/2023 | 05/25/2023 | EBooks |